| 000 | 00000nam##2200000za#4500 |
| 001 | 9.632802 |
| 003 | CaOODSP |
| 005 | 20210624215014 |
| 007 | cr ||||||||||| |
| 008 | 150407|2006||||xxc|||||o f|0| 0 fre|d |
| 020 | |a0-662-71852-6 |
| 040 | |aCaOODSP|bfre |
| 043 | |an-cn--- |
| 086 | 1 |aHS28-47/2006F-PDF |
| 110 | 1 |aCanada.|bRessources humaines et Développement des compétences Canada. |bPolitique stratégique et planification. |
| 245 | 10|aVérification de la gestion de l'information du Programme canadien de prêts aux étudiants (PCPÉ) - fournisseurs de services |h[ressource électronique] |
| 260 | |aOttawa - Ontario : |bRessources humaines et Développement des compétences Canada. |c2006. |
| 590 | |a13-09-Supp|b2013-04-04 |
| 691 | 07|aPrêt étudiant|2gcpds |
| 691 | 07|aProgramme fédéral|2gcpds |
| 691 | 07|aVérification|2gcpds |
| 775 | 08|tAudit of management of information of the Canada Student Loans Program (CSLP) - service providers |w(CaOODSP)9.688378 |
| 856 | 40|ahttp://publications.gc.ca|qPDF|s500 Ko|uhttps://publications.gc.ca/collections/collection_2013/rhdcc-hrsdc/HS28-47-2006-fra.pdf |
| 986 | |aSP-653-10-05F |